Utopías de bolsillo

Uloženo v:
Podrobná bibliografie
Korporativní autor: Museo Nacional de Bellas Artes (Autor)
Médium: Kniha
Jazyk:španělština
Vydáno: Santiago Fondo Nacional de la Cultura y las Artes 2006
Témata:
Tagy: Přidat tag
Žádné tagy, Buďte první, kdo vytvoří štítek k tomuto záznamu!

MARC

LEADER 00000nam a2200000 a 4500
001 UCK8821
003 CL-VaPUC
008 060331e20060000CL |||||||||||||||||spa|d
082 0 4 |a 708  |b MUS  |2 21 
110 2 |a Museo Nacional de Bellas Artes  |e author  |9 498511 
245 1 0 |a Utopías de bolsillo 
300 |a 74 p 
942 |c BK 
945 |d 20060331 00:00:00  |a jtorresc 
260 |a Santiago  |b Fondo Nacional de la Cultura y las Artes  |c 2006 
650 0 |a Bellas artes  |9 334299 
650 0 |a Artes decorativas  |9 266306 
650 0 |a Museos  |9 269209 
650 7 |a CUADROS  |2 CL-VaPUC  |9 498512 
650 0 |a Pintores   |9 265963 
650 0 |a Pinturas  |9 347968 
583 |a last modification  |c 20060331 00:00:00  |k Rodrigo Vera 
999 |c 316226  |d 316224 
952 |0 0  |1 0  |4 0  |6 708_000000000000000_MUS_2006  |7 0  |8 R  |9 390432  |a BIBART  |b BIBART  |d 2019-11-22  |i 4219090  |o 708 MUS 2006  |p 4219090  |r 2025-03-13  |w 2019-11-22  |y BK_R  |k ART